Statistiques concernant Villes de la France de plus de 50.000 habitants

Cliquez ici pour prendre le quiz!

Statistiques générales

  • Ce quiz a été pris 402 fois
  • Le résultat moyen est 78 sur 130

Statistiques - réponses

TOPVilleRégionPopulation% Correct
2MarseilleProvence-Alpes-Côte d'Azur870.731
100%
5NiceProvence-Alpes-Côte d'Azur342.669
100%
1ParisÎle-de-France2.165.423
100%
9BordeauxNouvelle-Aquitaine260.958
99%
3LyonAuvergne-Rhône-Alpes522.969
99%
6NantesPays de la Loire318.808
99%
4ToulouseOccitanie493.465
99%
8StrasbourgGrand Est287.228
98%
10LilleHauts-de-France234.475
97%
11RennesBretagne220.488
97%
7MontpellierOccitanie295.542
96%
17DijonBourgogne-Franche-Comté158.002
95%
35Saint-DenisÎle-de-France112.852
95%
19Saint-Denis*La Réunion153.810
95%
25BrestBretagne139.926
94%
13ToulonProvence-Alpes-Côte d'Azur178.745
94%
15Le HavreNormandia168.290
93%
12ReimsGrand Est181.194
92%
14Saint-ÉtienneAuvergne-Rhône-Alpes173.821
91%
16GrenobleAuvergne-Rhône-Alpes158.198
90%
32MetzGrand Est118.489
90%
41NancyGrand Est105.058
89%
36RouenNormandie112.321
89%
40CaenNormandie106.230
88%
22Clermont-FerrandAuvergne-Rhône-Alpes147.865
88%
18AngersPays de la Loire155.850
86%
34OrléansCentre-Val de Loire116.269
86%
26ToursCentre-Val de Loire137.087
86%
21NîmesOccitanie148.561
85%
109La Roche-sur-YonPays de la Loire55.147
84%
29AnnecyAuvergne-Rhône-Alpes130.721
82%
31PerpignanOccitanie119.344
82%
24Le MansPays de la Loire143.847
81%
57VersaillesÎle-de-France84.808
81%
27AmiensHauts-de-France134.706
80%
20VilleurbanneAuvergne-Rhône-Alpes152.212
80%
68CannesProvence-Alpes-Côte d'Azur74.545
79%
63La RochelleNouvelle-Aquitanie77.205
79%
66PauNouvelle-Aquitanie75.627
79%
50PoitiersNouvelle-Aquitanie89.212
79%
23Aix-en-ProvenceProvence-Alpes-Côte d'Azur145.133
77%
49AvignonProvence-Alpes-Côte d'Azur91.143
77%
28LimogesNouvelle-Aquitaine130.876
77%
39MulhouseGrand Est108.312
77%
55DunkerqueHauts-de-France86.279
76%
85ValenceAuvergne-Rhône-Alpes64.749
76%
33BesançonBourgogne-Franche-Comté117.912
75%
70CalaisHauts-de-France72.509
75%
43RoubaixHauts-de-France98.828
74%
76ColmarGrand Est68.682
73%
88QuimperBretagne63.283
73%
75AjaccioCorse71.361
72%
101LorientBretagne57.246
72%
48CréteilÎle-de-France93.246
71%
99ChambéryAuvergne-Rhône-Alpes58.917
70%
62BéziersOccitanie78.308
68%
45NanterreÎle-de-France96.277
68%
44TourcoingHauts-de-France98.656
68%
65Fort-de-France*Martinique76.512
67%
86BourgesCentral-Val de Loire64.541
64%
37MontreuilÎle-de-France111.240
64%
38ArgenteuilÎle-de-France111.038
63%
125BayonneNouvelle-Aquitanie51.894
63%
80Évry-CourcouronnesÎle-de-France66.851
63%
30Boulogne-BillancourtÎle-de-France121.583
62%
74Saint-NazairePays de la Loire71.394
62%
69AntibesProvence-Alpes-Côte d'Azur73.438
61%
47Nouméa*Nouvelle-Calédonie94.285
61%
116VannesBretagne53.719
61%
83Cayenne*Guyane65.493
60%
82CergyÎle-de-France65.911
59%
92TroyesGrand Est61.957
59%
98NiortNouvelle-Aquitanie59.193
58%
106NarbonneOccitanie55.516
57%
94MontaubanOccitanie61.372
56%
56Saint-Pierre*La Réunion84.982
54%
102BeauvaisHauts-de-France57.071
53%
130ArlesProvence-Alpes-Côte d'Azur50.454
52%
51AubervilliersÎle-de-France88.948
52%
42Saint-Paul*La Réunion103.208
52%
73Mamoudzou*Mayotte71.437
50%
72MérignacNouvelle-Aquitanie72.197
50%
77Issy-les-MoulineauxÎle-de-France67.981
49%
113FréjusProvence-Alpes-Côte d'Azur54.458
47%
91AntonyÎle-de-France62.760
46%
114BobignyÎle-de-France54.363
45%
96Neuilly-sur-SeineÎle-de-France59.598
45%
89ClichyÎle-de-France63.089
44%
84PessacNouvelle-Aquitanie65.245
44%
79VénissieuxAuvergne-Rhône-Alpes67.285
44%
97SarcellesÎle-de-France59.196
42%
59Le Tampon*La Réunion79.824
41%
95PantinÎle-de-France59.846
41%
54ColombesÎle-de-France86.534
39%
81Levallois-PerretÎle-de-France66.082
39%
115CholetPays de la Loire54.037
38%
110HyèresProvence-Alpes-Côte d'Azur54.821
38%
117Saint-QuentinHauts-de-France53.570
38%
46Vitry-sur-SeineÎle-de-France95.510
38%
58CourbevoieÎle-de-France81.558
37%
71DrancyÎle-de-France72.376
37%
87Ivry-sur-SeineÎle-de-France63.748
36%
53Aulnay-sous-BoisÎle-de-France86.969
35%
90La Seyne-sur-MerProvence-Alpes-Côte d'Azur62.987
35%
105MeauxÎle-de-France55.750
35%
61Rueil-MalmaisonÎle-de-France78.317
34%
93Villeneuve-d'AscqHauts-de-France61.953
34%
118Les Abymes*Guadeloupe53.514
33%
78Noisy-le-GrandÎle-de-France67.871
32%
52Asnières-sur-SeineÎle-de-France87.143
31%
60Cherbourg-en-CotentinNormandie78.549
31%
64Champigny-sur-MarneÎle-de-France76.990
28%
67Saint-Maur-des-FossésÎle-de-France74.976
28%
107VillejuifÎle-de-France55.208
27%
112BondyÎle-de-France54.587
26%
100Le Blanc-MesnilÎle-de-France57.498
25%
129MassyÎle-de-France50.644
25%
120ClamartÎle-de-France52.925
23%
119Saint-Louis*La Réunion53.120
23%
126SevranÎle-de-France51.734
23%
121Vaulx-en-VelinAuvergne-Rhône-Alpes52.791
22%
123Cagnes-sur-MerProvence-Alpes-Côte d'Azur52.178
20%
103Saint-André*La Réunion56.092
20%
111Épinay-sur-SeineÎle-de-France54.611
19%
108ChellesÎle-de-France55.154
17%
104Maisons-AlfortÎle-de-France56.483
17%
122SartrouvilleÎle-de-France52.774
17%
127Corbeil-EssonnesÎle-de-France51.234
14%
124Fontenay-sous-BoisÎle-de-France52.009
12%
128Saint-Ouen-sur-SeineÎle-de-France50.697
8%

Distribution des résultats

Percentile par nombre de réponses

% des personnes avec chaque résultat

Votre développement - résultats

Vous n’avez pas pris ce quiz